The ups and downs of the LLP (Record no. 80220)
[ view plain ]
| 000 -LEADER | |
|---|---|
| fixed length control field | 01066cab a22001935a 4500 |
| 001 - CONTROL NUMBER | |
| control field | L143567 |
| 008 - FIXED-LENGTH DATA ELEMENTS--GENERAL INFORMATION | |
| fixed length control field | 080520e20080517xxk f s 000 0 eng d |
| 035 ## - SYSTEM CONTROL NUMBER | |
| System control number | (Sirsi) u143567 |
| 041 0# - LANGUAGE CODE | |
| Language code of text/sound track or separate title | eng |
| 100 1# - MAIN ENTRY--PERSONAL NAME | |
| Personal name | McCormick, Helen |
| 245 04 - TITLE STATEMENT | |
| Title | The ups and downs of the LLP |
| 260 ## - PUBLICATION, DISTRIBUTION, ETC. | |
| Date of publication, distribution, etc. | 2008 |
| 490 ## - SERIES STATEMENT | |
| Series statement | Estates Gazette |
| Volume/sequential designation | (0819) 17 May 2008, 66-69(4) |
| 520 ## - SUMMARY, ETC. | |
| Summary, etc. | Reports findings of Estates Gazette's LLP and partnership survey for 2007. Shows agents' performance, fee earning and wage costs. Reports an average increase in turnover of 26% from 2006. Warns that much of the information is for the boom year ending in April 2007. Predicts mixed fortunes for the coming survey. Years ending April 2008 may be relatively healthy, but average incomes are expected to fall when reporting for the period covering 2007 and 2008's credit crunch are reported. Warns that management teams should avoid short term decision making and continue to invest in trainees. |
| 590 ## - LOCAL NOTE (RLIN) | |
| Local note | KA |
| 651 #4 - SUBJECT ADDED ENTRY--GEOGRAPHIC NAME | |
| Geographic name | United Kingdom |
| Chronological subdivision | |
| 690 ## - LOCAL SUBJECT ADDED ENTRY--TOPICAL TERM (OCLC, RLIN) | |
| Topical term or geographic name as entry element | MANAGEMENT-BUSINESS MANAGEMENT |
| 942 ## - ADDED ENTRY ELEMENTS (KOHA) | |
| Suppress in OPAC | 0 |
| Withdrawn status | Lost status | Source of classification or shelving scheme | Damaged status | Not for loan | Home library | Current library | Shelving location | Date acquired | Total Checkouts | Full call number | Barcode | Date last seen | Copy number | Price effective from | Koha item type |
|---|---|---|---|---|---|---|---|---|---|---|---|---|---|---|---|
| Dewey Decimal Classification | London | London | Journal article | 20/05/2008 | L143567 | 143567-1001 | 06/08/2019 | 1 | 06/08/2019 | Journal article |